000 00825pam a2200229 a 4500
001 3504905
005 20180112035844.0
008 950406s1996 nyua b 001 0 eng
010 _a 95012636
020 _a007060570X (alk. paper)
040 _aDLC
_cDLC
_dDLC
041 _aeng
080 _a305.231 ALA
082 0 0 _a305.231 ALA
_220
100 1 _a48
101 _aPSI
245 1 0 _aChild development :
_cL. Alan Sroufe, Robert G. Cooper, Ganie B. DeHart ; [reviser], Mary E. Marshall ; advisory editor, Urie Bronfenbrenner.
504 _aIncludes bibliographical references (p. 617-654) and indexes.
906 _a7
_bcbc
_corignew
_d1
_eocip
_f19
_gy-gencatlg
942 _2ddc
_cBK
999 _c40164
_d40164